|
|
|
|
| LEADER |
01367nam a2200325 a 4500 |
| 001 |
2489 |
| 003 |
BD-DhAAL |
| 005 |
20150302111955.0 |
| 008 |
150302s1997 pk b 001 0 eng |
| 010 |
|
|
|a 98119438
|
| 020 |
|
|
|a 0195777573
|
| 040 |
|
|
|a DLC
|c DLC
|d DLC
|d BD-DhAAL
|
| 050 |
0 |
0 |
|a JZ1310
|b .B65 1997
|
| 082 |
0 |
0 |
|a 327.1/7/091724
|2 21
|
| 100 |
1 |
|
|a Bokhari, Imtiaz H.
|9 8923
|
| 245 |
1 |
0 |
|a Management of third world crises in adverse partnership :
|b theory and practice /
|c Imtiaz H. Bokhari.
|
| 246 |
3 |
0 |
|a Third world crises in adverse partnership
|
| 260 |
|
|
|a Karachi ;
|a New York :
|b Oxford University Press,
|c 1997.
|
| 300 |
|
|
|a xx, 333 p. ;
|c 23 cm.
|
| 504 |
|
|
|a Includes bibliographical references (p. [305]-325) and index.
|
| 541 |
|
|
|e 2489
|
| 650 |
|
0 |
|a International relations
|x Case studies.
|9 8924
|
| 650 |
|
0 |
|a Crisis management
|x Case studies.
|9 8925
|
| 650 |
|
0 |
|a Israel-Arab War, 1973.
|9 8926
|
| 650 |
|
0 |
|a India-Pakistan Conflict, 1971.
|9 6075
|
| 650 |
|
0 |
|a Iran-Iraq War, 1980-1988.
|9 8927
|
| 942 |
|
|
|2 ddc
|c BK
|
| 999 |
|
|
|c 33842
|d 33842
|
| 952 |
|
|
|0 0
|1 0
|2 ddc
|4 0
|6 327_170917240000000_BOK
|7 0
|9 52832
|a SCL
|b SCL
|c GEN
|d 2015-03-02
|g 975.00
|l 0
|o 327.17091724 BOK
|p 3020002489
|r 2015-03-02
|t 1
|w 2015-03-02
|y BK
|
| 952 |
|
|
|0 0
|1 0
|2 ddc
|4 0
|6 327_170917240000000_BOK
|7 0
|9 52844
|a SCL
|b SCL
|c GEN
|d 2015-03-03
|l 0
|o 327.17091724 BOK
|p 3020000986
|r 2015-03-03
|t 2
|w 2015-03-03
|y BK
|